| 000 | 01011nam a2200277Ia 4500 | ||
|---|---|---|---|
| 003 | OSt | ||
| 005 | 20220923211426.0 | ||
| 006 | a|||||r|||| 00| 0 | ||
| 007 | ta | ||
| 008 | 220922b |||||||| |||| 00| 0 hin d | ||
| 020 |
_a9788193803486 (hbk) _c1195 |
||
| 024 | _a354,245 | ||
| 037 |
_b1102, 28/12/2021, Rupa Prkashan _cTextual |
||
| 040 |
_aARTS _cARTS _bhin |
||
| 041 |
_2hin _ahin |
||
| 082 | _aV2y7M69:g(Y5927), 152Q8 | ||
| 100 | _aपाठक, राजनी, ले. | ||
| 245 | 0 | _aगॉंधी और दलित नवजागरण | |
| 246 | _aGaॉandhī aur dalit navajāgaraṇa | ||
| 260 |
_aदिल्ली _b राबिन पब्लिकेशन _c2018 |
||
| 300 |
_a209पृ. _ccm. |
||
| 650 |
_a महात्मा गांधी _9156350 |
||
| 650 |
_aइतिहास _9156320 |
||
| 942 |
_hV2y7M69:g(Y5927), 152Q8 _cTEXL _2CC |
||
| 999 |
_c299307 _d299307 |
||